000 00598nam a22001815i 4500
001 48084
003 ES-MaACL
005 20230906161706.0
007 t|
008 981118s1883 it ||||1| ita d
040 _aCAM
_bspa
_cCCPB
100 1 _aCurci, Carlo MarĂ­a.
_942200
245 1 3 _aIl Vaticano Regio
_b: tarlo superstite della Chiesa Cattolica /
_cC. M. Curci.
260 _aFirenze ;
_aRoma :
_bFratelli Bencini Editori,
_c1883.
300 _a338 p. ;
_c22 cm.
546 _aTexto italiano.
852 _aES-MaACL
_jE-13073 (1)
_z.- Legado M. de la Fuente
_q. - Encuadernado con otra obra
999 _c48084
_d48084